| 000 | 01249nam a2200325Ia 4500 | ||
|---|---|---|---|
| 001 | ebr10622071 | ||
| 003 | CaPaEBR | ||
| 006 | m u | ||
| 007 | cr cn||||||||| | ||
| 008 | 081023s2009 nyuab sb 001 0 eng d | ||
| 020 | _z9781844846580 | ||
| 020 | _z9781780429939 | ||
| 040 |
_aCaPaEBR _cCaPaEBR |
||
| 035 | _a(OCoLC)823742377 | ||
| 050 | 1 | 4 |
_aN6260 _b.M55 2009eb |
| 100 | 1 |
_aMigeon, Gaston, _d1861-1930. |
|
| 245 | 1 | 0 |
_aArt of Islam _h[electronic resource] / _cGaston Migeon and Henri Saladin. |
| 260 |
_aNew York : _bParkstone International, _cc2009. |
||
| 300 |
_a255 p. : _bcol. ill., col. map. |
||
| 440 | 0 | _aTemporis collection | |
| 500 | _aText first published in French in 1907. | ||
| 504 | _aIncludes bibliographical references and index. | ||
| 533 |
_aElectronic reproduction. _bPalo Alto, Calif. : _cebrary, _d2011. _nAvailable via World Wide Web. _nAccess may be limited to ebrary affiliated libraries. |
||
| 650 | 0 | _aIslamic art. | |
| 650 | 0 | _aIslamic architecture. | |
| 655 | 7 |
_aElectronic books. _2local |
|
| 700 | 1 |
_aSaladin, Henri, _d1851-1923. |
|
| 710 | 2 | _aebrary, Inc. | |
| 856 | 4 | 0 |
_uhttp://site.ebrary.com/lib/rucke/Doc?id=10622071 _zAn electronic book accessible through the World Wide Web; click to view |
| 999 |
_c56871 _d56871 |
||